Apellidos más frecuentes de España - Extremo - Estadísticas

Estadísticas generales
  • Esta prueba ha sido intentada 14.317 veces
  • La puntuación promedio es 91 de 500
Estadísticas de respuestas
Frecuencia Apellido % Correcto
2 843 170 García
92%
1 764 093 Fernández
84%
69 034 Martí
84%
936 718 Martín
83%
1 711 781 López
82%
1 819 622 González
80%
1 629 449 Martínez
79%
1 540 626 Pérez
79%
1 607 168 Sánchez
79%
1 830 425 Rodríguez
76%
734 572 Hernández
72%
975 924 Gómez
69%
772 480 Jiménez
62%
682 099 Díaz
60%
549 822 Álvarez
56%
345 594 Torres
55%
727 385 Ruíz
54%
392 077 Gutiérrez
52%
636 069 Moreno
51%
377 216 Alonso
49%
36 272 Villa
49%
47 873 Valle
47%
241 277 Blanco
46%
107 107 Mora
46%
559 933 Muñoz
45%
444 797 Romero
45%
286 033 Vázquez
45%
311 870 Domínguez
44%
241 802 Suárez
44%
113 247 Giménez
43%
291 929 Ramos
43%
178 920 Castillo
41%
294 463 Ramírez
41%
76 965 Rey
41%
171 989 Iglesias
40%
275 279 Gil
39%
141 489 León
39%
347 907 Navarro
39%
204 603 Rubio
39%
184 149 Núñez
38%
33 626 Vela
38%
86 638 Franco
37%
52 300 Serra
37%
32 834 Sevilla
37%
237 971 Castro
36%
208 212 Marín
36%
140 335 Márquez
35%
41 634 Ros
35%
27 199 Sala
35%
25 749 Campo
34%
151 635 Cruz
34%
149 924 Flores
34%
109 681 Herrero
34%
245 128 Molina
34%
32 090 Moral
34%
168 321 Santos
34%
176 439 Sanz
34%
129 415 Fuentes
33%
149 930 Méndez
33%
221 987 Ortiz
33%
258 610 Serrano
33%
28 294 Madrid
32%
111 463 Montero
32%
247 462 Morales
32%
233 727 Ortega
32%
135 495 Calvo
31%
41 667 Soria
31%
235 100 Delgado
30%
120 792 Diez
30%
146 871 Herrera
30%
78 536 Montes
30%
92 239 Rivera
30%
41 308 Rojo
30%
36 051 Rosa
30%
133 502 Campos
29%
170 522 Cortés
29%
142 793 Peña
29%
152 729 Cano
28%
59 787 Casas
28%
14 455 Lin
28%
41 469 Marco
28%
134 028 Reyes
28%
83 492 Ríos
28%
49 840 Valencia
28%
41 960 Alba
27%
105 336 Ferrer
27%
136 948 Gallego
27%
130 458 Vega
27%
86 103 Esteban
26%
40 186 Mata
26%
86 924 Rivas
26%
79 053 Sierra
26%
90 501 Silva
26%
35 249 Velázquez
26%
51 217 Zamora
26%
123 217 Aguilar
25%
122 744 Caballero
25%
161 754 Guerrero
25%
44 438 Juan
25%
183 502 Medina
25%
21 584 Pla
25%
91 426 Sáez
25%
106 114 Santiago
25%
35 360 Toledo
25%
110 067 Benítez
24%
37 016 Córdoba
24%
70 855 Guerra
24%
113 131 Hidalgo
24%
106 848 Ibáñez
24%
158 841 Lozano
24%
71 391 Palacios
24%
40 615 Reina
24%
105 358 Rojas
24%
60 650 Salas
24%
64 725 Villar
24%
39 538 Burgos
23%
125 053 Carrasco
23%
168 433 Garrido
23%
22 502 Huerta
23%
71 942 Marcos
23%
93 882 Parra
23%
92 765 Pastor
23%
23 254 Sole
23%
39 626 Domingo
22%
54 821 Miguel
22%
30 187 Pino
22%
143 347 Prieto
22%
95 077 Román
22%
22 571 Sainz
22%
99 311 Soto
22%
133 093 Vidal
22%
108 471 Arias
21%
67 503 Bueno
21%
54 289 Costa
21%
110 307 Lorenzo
21%
66 092 Mateo
21%
57 829 Menéndez
21%
119 031 Nieto
21%
72 705 Robles
21%
54 349 Roca
21%
101 200 Vicente
21%
67 270 Vila
21%
66 038 Andrés
20%
58 578 Ávila
20%
66 427 Benito
20%
39 668 Cáceres
20%
104 775 Carmona
20%
27 336 Carvajal
20%
77 587 Casado
20%
30 064 Castilla
20%
44 818 Cuenca
20%
109 099 Durán
20%
47 600 Oliva
20%
84 724 Pardo
20%
110 665 Pascual
20%
32 896 Prado
20%
49 893 Sancho
20%
50 758 Simón
20%
92 308 Velasco
20%
46 247 Antón
19%
22 227 Barrio
19%
90 685 Bravo
19%
57 626 Conde
19%
52 911 Cuesta
19%
71 241 Expósito
19%
56 988 Gracia
19%
53 350 Luna
19%
55 251 Manzano
19%
83 699 Merino
19%
42 105 Paz
19%
26 638 Puente
19%
44 677 Rodrigo
19%
87 400 Soler
19%
71 981 Soriano
19%
116 783 Vargas
19%
138 955 Cabrera
18%
52 567 Castaño
18%
51 018 De La Fuente
18%
58 494 Escobar
18%
88 693 Gallardo
18%
72 157 Heredia
18%
35 371 Juárez
18%
28 003 Lago
18%
85 780 Mendoza
18%
54 134 Mesa
18%
67 831 Miranda
18%
52 130 Montoya
18%
25 590 Segovia
18%
32 749 Sola
18%
57 900 Trujillo
18%
82 383 Vera
18%
56 084 Villanueva
18%
32 931 Alfonso
17%
37 085 Aragón
17%
60 983 Bermúdez
17%
35 559 Castellano
17%
96 407 Crespo
17%
82 897 Espinosa
17%
29 727 Esteve
17%
40 649 Lucas
17%
32 773 Luis
17%
90 409 Moya
17%
39 698 Ramón
17%
78 422 Redondo
17%
52 784 Tomás
17%
72 956 Contreras
16%
51 372 Del Río
16%
29 184 Marqués
16%
43 444 Mas
16%
43 598 Navas
16%
58 969 Quintana
16%
59 210 Rico
16%
63 120 Rivero
16%
54 789 Rueda
16%
66 869 Salazar
16%
76 136 Segura
16%
27 526 Toro
16%
57 302 Abad
15%
64 750 Aguilera
15%
42 912 Aguirre
15%
34 152 Alcaraz
15%
79 035 Arroyo
15%
35 382 Barrios
15%
35 251 Carrera
15%
77 781 Carrillo
15%
24 504 Catalán
15%
27 374 Figueroa
15%
76 292 Galán
15%
59 998 Gálvez
15%
22 418 Gonzalo
15%
63 972 Guzmán
15%
58 480 Jurado
15%
40 846 Linares
15%
32 206 Llorente
15%
35 507 Mohamed
15%
41 014 Naranjo
15%
52 727 Paredes
15%
33 215 Pinto
15%
57 258 Plaza
15%
45 304 Pozo
15%
39 475 Puig
15%
28 390 Recio
15%
22 054 Sáenz
15%
55 069 Santamaría
15%
40 150 Asensio
14%
82 203 Camacho
14%
26 887 Coll
14%
46 217 Cuevas
14%
25 839 Duque
14%
59 631 Estévez
14%
22 039 Grande
14%
58 327 Hurtado
14%
80 284 Izquierdo
14%
84 173 Lara
14%
51 528 Millán
14%
27 539 Muñiz
14%
49 239 Murillo
14%
47 198 Ordóñez
14%
75 587 Otero
14%
22 657 Páez
14%
67 611 Pereira
14%
114 768 Santana
14%
25 025 Valdés
14%
48 493 Valverde
14%
40 554 Aguado
13%
57 616 Aranda
13%
23 920 Aznar
13%
29 005 Ballester
13%
60 747 Beltrán
13%
48 646 Blasco
13%
63 794 Calderón
13%
25 192 Chávez
13%
41 200 Corral
13%
49 319 De La Cruz
13%
43 131 De La Torre
13%
62 659 Escudero
13%
21 053 Ferrero
13%
40 633 Gimeno
13%
77 526 Luque
13%
27 077 Ocaña
13%
57 376 Pacheco
13%
63 643 Padilla
13%
40 685 Polo
13%
25 271 Pujol
13%
23 116 Real
13%
39 866 Saiz
13%
47 902 Salvador
13%
69 970 Valero
13%
41 945 Vallejo
13%
68 769 Varela
13%
30 469 Vélez
13%
65 761 Acosta
12%
52 758 Alarcón
12%
43 516 Arenas
12%
55 994 Blázquez
12%
38 022 Chacón
12%
27 413 Cuadrado
12%
27 451 Gámez
12%
66 260 Guillén
12%
33 531 Hernando
12%
40 286 Leal
12%
62 302 Mateos
12%
30 819 Palma
12%
44 489 Quesada
12%
67 021 Roldán
12%
27 486 Rosales
12%
27 696 Alcántara
11%
60 203 Aparicio
11%
48 369 Ballesteros
11%
27 845 Bello
11%
74 495 Bernal
11%
40 502 Bonilla
11%
42 455 Cabello
11%
44 819 Collado
11%
39 104 Correa
11%
31 313 De La Rosa
11%
40 664 Escribano
11%
29 869 Font
11%
69 411 Macías
11%
52 844 Maldonado
11%
44 609 Martos
11%
42 400 Mena
11%
39 502 Morán
11%
32 314 Olivares
11%
35 613 Oliver
11%
22 386 Olmedo
11%
32 429 Peláez
11%
49 728 Ponce
11%
39 981 Quintero
11%
39 284 Zapata
11%
22 849 Alcalá
10%
29 126 Baena
10%
46 496 Barrera
10%
47 985 Bermejo
10%
40 615 Cardenas
10%
35 695 Clemente
10%
33 857 Cobo
10%
48 100 Cordero
10%
33 081 Ferreira
10%
27 560 Granados
10%
25 145 Huertas
10%
24 013 Jorge
10%
29 915 Ochoa
10%
36 127 Saavedra
10%
34 625 Salgado
10%
32 972 Salinas
10%
28 559 Sanchis
10%
32 644 Solis
10%
40 337 Sosa
10%
23 300 Tejero
10%
24 605 Valls
10%
26 761 Vaquero
10%
30 651 Vásquez
10%
22 450 Alcazar
9%
27 281 Alvarado
9%
44 905 Amador
9%
22 547 Avilés
9%
28 372 Barba
9%
28 099 Cabezas
9%
22 361 Calleja
9%
37 086 Carretero
9%
35 878 Carrión
9%
28 645 Castellanos
9%
24 861 Cerezo
9%
26 850 Chen
9%
24 403 Del Valle
9%
20 211 De Miguel
9%
29 165 Duarte
9%
23 833 Ferreiro
9%
42 600 Galindo
9%
23 788 Galván
9%
26 911 Herranz
9%
50 521 Lázaro
9%
27 754 Mejia
9%
39 834 Ojeda
9%
37 384 Pineda
9%
23 061 Pizarro
9%
49 378 Pons
9%
25 909 Portillo
9%
32 256 Rincón
9%
34 225 Roig
9%
41 035 Villalba
9%
23 328 Agudo
8%
21 645 Alcalde
8%
25 934 Amaya
8%
35 425 Ayala
8%
44 399 Barroso
8%
28 868 Becerra
8%
29 255 Belmonte
8%
21 602 Borja
8%
30 214 Cantero
8%
41 412 Caro
8%
21 884 Chaves
8%
29 002 Cid
8%
27 674 Corrales
8%
45 265 Lorente
8%
27 713 Navarrete
8%
28 777 Nicolás
8%
23 830 Orozco
8%
29 572 Palomo
8%
28 948 Peralta
8%
23 965 Solano
8%
27 428 Tapia
8%
28 114 Vergara
8%
34 933 Villegas
8%
23 710 Alcaide
7%
27 933 Alfaro
7%
29 951 Angulo
7%
31 226 Arévalo
7%
31 189 Arribas
7%
50 850 Bautista
7%
35 766 Calero
7%
27 831 Cobos
7%
34 655 Da Silva
7%
25 894 Dávila
7%
21 407 Del Pozo
7%
22 819 Dorado
7%
28 844 Estrada
7%
23 394 Frías
7%
27 348 Godoy
7%
25 697 Losada
7%
25 016 Morcillo
7%
27 129 Osorio
7%
31 353 Perea
7%
31 944 Requena
7%
23 427 Romera
7%
24 635 Rovira
7%
23 104 Salcedo
7%
28 054 Zambrano
7%
19 098 Ahmed
6%
23 238 Andrade
6%
23 630 Araujo
6%
24 598 Barbero
6%
26 140 Barragán
6%
25 586 Borrego
6%
29 815 Cámara
6%
23 643 Canovas
6%
31 602 Carballo
6%
28 700 Casanova
6%
26 783 Cervera
6%
32 204 Domenech
6%
24 747 Dos Santos
6%
24 566 Fraile
6%
22 633 Freire
6%
23 334 Garzón
6%
24 514 Gordillo
6%
25 145 Latorre
6%
23 736 Lobato
6%
27 320 Mejias
6%
23 731 Melero
6%
28 428 Miralles
6%
25 013 Morillo
6%
21 872 Paniagua
6%
25 952 Pavón
6%
23 740 Peinado
6%
29 850 Porras
6%
43 986 Pulido
6%
22 973 Rosado
6%
25 231 Sastre
6%
26 239 Valenzuela
6%
28 870 Ventura
6%
15 288 Wang
6%
22 350 Arce
5%
25 137 Ariza
5%
27 170 Barreiro
5%
28 662 Bosch
5%
24 023 Brito
5%
33 692 Cardona
5%
23 058 Castañeda
5%
23 462 Chamorro
5%
24 181 Espejo
5%
26 111 Falcon
5%
28 902 Grau
5%
24 141 Guijarro
5%
25 630 Mosquera
5%
22 992 Moyano
5%
21 782 Palomino
5%
30 853 Piñeiro
5%
32 573 Riera
5%
22 386 Royo
5%
25 080 Ruano
5%
22 220 Salguero
5%
22 751 Serna
5%
21 601 Tena
5%
21 851 Acevedo
4%
33 831 Andreu
4%
24 827 Arjona
4%
27 566 Arranz
4%
31 954 Carbonell
4%
24 736 Cebrián
4%
23 067 Criado
4%
26 775 Fajardo
4%
23 266 Llamas
4%
22 734 Noguera
4%
12 727 Zhang
4%
25 373 Egea
3%
30 319 Marrero
3%
21 568 Piñero
3%
23 498 Tirado
3%
23 070 Singh
2%
No se encontraron pruebas coincidentes
Distribución de puntuación
Porcentaje de gente con cada puntuación
Porcentaje por número respondido
Historial de tus puntuaciones
No has intentado esta prueba.